|
|
|
|
| LEADER |
01211nam a2200289 a 4500 |
| 001 |
c000410757 |
| 003 |
CARM |
| 005 |
00000000000000.0 |
| 008 |
890309s1979 tmaabf b 000 0 eng d |
| 019 |
1 |
|
|a 6206262
|
| 040 |
|
|
|a AMG
|c AMG
|
| 043 |
|
|
|a u-at-tm
|
| 082 |
0 |
4 |
|a 551.7909946
|
| 100 |
1 |
|
|a Colhoun, Eric A.
|
| 245 |
1 |
0 |
|a Quaternary excursion to northwest and west Tasmania :
|b field guide /
|c compiled by Eric A. Colhoun, with contributions from Sandra Bowler ... [et al.]
|
| 260 |
|
|
|a [Hobart :
|b Dept. of Geography, University of Tasmania,
|c 1979?]
|
| 300 |
|
|
|a 50 p., [1] folded leaf of plates :
|b ill., maps ;
|c 21 cm.
|
| 500 |
|
|
|a "Friday 13th-Monday 16th April, 1979" -- Cover.
|
| 504 |
|
|
|a Bibliography: p. 49-50.
|
| 650 |
|
0 |
|a Geology
|z Tasmania
|x Guidebooks.
|
| 650 |
|
0 |
|a Geology, Stratigraphic
|y Quaternary.
|
| 651 |
|
0 |
|a Tasmania
|x Description and travel.
|
| 700 |
1 |
|
|a Bowdler, Sandra,
|d 1941-
|
| 710 |
2 |
|
|a University of Tasmania.
|b Dept. of Geography.
|
| 852 |
8 |
|
|b CARM
|h A3:AF22B0
|i B11906
|p 0566034
|f BK
|
| 999 |
f |
f |
|i 132bab4e-3d59-5937-84b4-afadc4559e19
|s e4435675-fefa-5fe5-b78a-ed3be39720d1
|
| 952 |
f |
f |
|p Can circulate
|a CAVAL
|b CAVAL
|c CAVAL
|d CARM 1 Store
|e B11906
|f A3:AF22B0
|h Other scheme
|i book
|m 0566034
|